Statistics for Designer Fashion Brands

Click here to take the quiz!

General Stats

  • This quiz has been taken 157 times
    (64 since last reset)
  • The average score is 9 of 30

Answer Stats

Answer% Correct
Gucci
89%
Louis Vuitton
85%
Chanel
83%
Prada
70%
Dior
65%
Balenciaga
57%
Fendi
56%
Hermes
52%
Armani
50%
Burberry
41%
Valentino
31%
YSL
26%
Balmain
24%
Nike
24%
Givenchy
22%
Alexander McQueen
17%
Canada Goose
17%
Tom Ford
17%
Moncler
15%
Tommy Hilfiger
15%
Off White
13%
Amiri
11%
Kenzo
9%
Diesel
7%
Palm Angels
6%
Stone Island
6%
Gallery Dept
4%
Dsquared
2%
Lanvin
2%
Casablanca
0%

Score Distribution

Percentile by Number Answered

Percent of People with Each Score

Your Score History

You have not taken this quiz since the last reset